Historical Teams not at 2026 Fifa World Cup - Statistics

General Stats
  • This quiz has been taken 11 times
  • The average score is 18 of 19
Answer Stats
Appearences Team % Correct
9 Chile
100%
9 Hungary
100%
3 Ireland
100%
18 Italy
100%
3 Northern Ireland
100%
5 Peru
100%
9 Poland
100%
7 Romania
100%
11 Russia/Soviet Union
100%
3 Bolivia
90%
7 Bulgaria
90%
8 Cameroon
90%
6 Costa Rica
90%
6 Denmark
90%
3 Greece
90%
6 Nigeria
90%
13 Serbia/Yugoslavia
90%
3 Honduras
80%
9 Slovakia/Czechoslovakia
80%
No matching quizzes found
Score Distribution
Percent of People with Each Score
Percentile by Number Answered
Your Score History
You have not taken this quiz